1397 1525 1629 1752 1713 1749 1960 1476 1898 1276 1494 1388 1859 1965 1079 1045 1214 1900 1931 1438 1790 1766 1794 1335 1666 1112 1521 1730 1705 1875 1264 1261 1490 1322 1813 1062 1949 1350 1068 1432 1296 1894 1045 1196 1318 1535 1991 1061 1958 1900 1145 1371 1790 1836 1407 1593 1813 1520 1110 1608 1788 1011 1940 1257 1457 1667 1119 1696 1760 1767 1800 1870 1846 1470 1105 1385 1221 1671 1469 1057 1084 1529 1762 1112 1757 1687 1238 1168 1946 1040 1717 1945 1821 1097 1543 1215 1879 1831 1970 BCNSPRNW ULIB Ver.6.0+V

เปลี่ยนเป็นภาษาไทย

Change to English
 แสดงรายละเอียดบรรณานุกรม
  กลับหน้าหลัก

Brief Record : Get Marc (ISO 2709) : E-mail record : QR code < ปิดหน้าต่าง
LEADER : 00000nam 2200000uu 4500
001    13399121892
003     ULIB
008    121213s2547||||th 000 0 tha d
020    ^a9744220813
060 04 ^aWF658^bน415น 2547
245 00 ^aแนวทางเวชปฏิบัติการวินิจฉัยโรคมะเร็งปอด /^cสำนักพัฒนาวิชาการแพทย์ กรมการแพทย์ กระทรวงสาธารณสุข
250    ^aพิมพ์ครั้งที่ 1
260    ^a[นนทบุรี] :^bสำนัก,^c2547
300    ^a16 หน้า :^bภาพประกอบ ;^c30 ซม.
650  7 ^aปอด, เนื้องอก^xการวินิจฉัย
710 2  ^aกรมการแพทย์. ^bสำนักพัฒนาวิชาการแพทย์
945    ^p0^l0^i13648
945    ^p0^l0^i13649
945    ^p0^l0^i13650
945    ^p0^l0^i13651
995    ^aกัณชพร
999 ^a ใช้งานได้ทุกระบบ
รายการนี้ยังไม่มีแท็ก
คุณยังไม่ได้ล็อกอิน คุณสามารถมีกิจกรรมร่วมกับเว็บไซต์ได้ แต่ต้องล็อกอินก่อน ::
  ล็อกอิน

รายการสื่อสารสนเทศ

ลำดับที่ ประเภท เลขเรียก/บาร์โค้ด สถานที่ สถานะ
1. วิทยาศาสตร์การแพทย์ และสุขภาพ
วิทยาศาสตร์การแพทย์ และสุขภาพ
WF658 น415น 2547  
  Barcode: 13648
ห้องสมุดวิทยาเขตสวรรค์ประชารักษ์
►หนังสือทั่วไป
บนชั้น
2. วิทยาศาสตร์การแพทย์ และสุขภาพ
วิทยาศาสตร์การแพทย์ และสุขภาพ
WF658 น415น 2547 ฉ.2 
  Barcode: 13649
ห้องสมุดวิทยาเขตสวรรค์ประชารักษ์
►หนังสือทั่วไป
บนชั้น
3. วิทยาศาสตร์การแพทย์ และสุขภาพ
วิทยาศาสตร์การแพทย์ และสุขภาพ
WF658 น415น 2547 ฉ.3 
  Barcode: 13650
ห้องสมุดวิทยาเขตสวรรค์ประชารักษ์
►หนังสือทั่วไป
บนชั้น
4. วิทยาศาสตร์การแพทย์ และสุขภาพ
วิทยาศาสตร์การแพทย์ และสุขภาพ
WF658 น415น 2547 ฉ.4 
  Barcode: 13651
ห้องสมุดวิทยาเขตสวรรค์ประชารักษ์
►หนังสือทั่วไป
บนชั้น

BibComment


ยังไม่เคยถูกคอมเมนท์

คอมเมนท์ทรัพยากรรายการนี้
  คอมเมนท์: แนวทางเวชปฏิบัติ..


 Copyright 2026. Bcnsprnw @Library